Ako je na tom finančné zdravie našich miest a obcí v priebehu roka 2013?
Najzadlženejším mestom je stále Žilina. Zo 138 slovenských miest presiahla 60 percentný limit zadlženia Myjava. Veľmi dobrá finančná stabilta je v Seredi, Senci, Hlohovci, Kežmarku a Poprade. Najväčšie problémy s finančnou stabilitou majú mestá Handlová, Žilina, Vranov nad Topľou.
Salvato in:
| Autore principale: | |
|---|---|
| Natura: | Capitolo di libro |
| Lingua: | slovacco |
| Soggetti: | |
| Tags: |
Nessun Tag, puoi essere il primo ad aggiungerne!!
|
MARC
| LEADER | 00000nla a2200000 4500 | ||
|---|---|---|---|
| 001 | 0177992 | ||
| 005 | 20240502073027.7 | ||
| 041 | 0 | |a slo | |
| 044 | |a SK | ||
| 245 | 1 | 0 | |a Ako je na tom finančné zdravie našich miest a obcí v priebehu roka 2013? |c Zuzana Neupauerová |
| 520 | |a Najzadlženejším mestom je stále Žilina. Zo 138 slovenských miest presiahla 60 percentný limit zadlženia Myjava. Veľmi dobrá finančná stabilta je v Seredi, Senci, Hlohovci, Kežmarku a Poprade. Najväčšie problémy s finančnou stabilitou majú mestá Handlová, Žilina, Vranov nad Topľou. | ||
| 610 | 2 | 0 | |a financie verejné |
| 610 | 2 | 0 | |a samospráva |
| 610 | 2 | 0 | |a mestá |
| 610 | 2 | 0 | |a obce |
| 610 | 2 | 0 | |a zadlženosť |
| 610 | 2 | 0 | |a Slovensko |
| 100 | 1 | |a Neupauerová, Zuzana | |